[Event "FIDE World Youth U16 Chess Olympiad SLOVAKIA 2016"]
[Site "Poprad Tatry SLOVAKIA"]
[Date "2016.07.28"]
[Round "8"]
[Board "1"]
[White "Mirza, Diana"]
[Black "Durica, Adam"]
[Result "1/2-1/2"]
[WhiteElo "1889"]
[BlackElo "1944"]
[PlyCount "123"]
[EventDate "2016.07.22"]
[EventType "team"]
[EventRounds "9"]
[EventCountry "SVK"]
[WhiteTeam "Ireland"]
[BlackTeam "Slovakia LSS A"]

1. e4 d6 2. d4 c6 3. Nc3 g6 4. f4 Bg7 5. Nf3 Bg4 6. Be3 e6 7. h3 Bxf3 8. Qxf3
Ne7 9. Be2 O-O 10. g4 f5 11. gxf5 exf5 12. Bc4+ Kh8 13. e5 d5 14. Bb3 b5 15. h4
a5 16. a4 b4 17. Ne2 Na6 18. h5 Kg8 19. Kf2 Kf7 20. hxg6+ hxg6 21. Rh7 Qd7 22.
Rah1 Rg8 23. Ng1 Nc7 24. Qh3 Ne6 25. Nf3 Rac8 26. Nh4 Nf8 27. Rxg7+ Rxg7 28.
Nf3 Ne6 29. Qh4 Ng8 30. Qg3 Kf8 31. Rg1 Qf7 32. Ke2 g5 33. Nxg5 Rxg5 34. fxg5
f4 35. Qg4 Qg6 36. Qf3 Ke7 37. Bf2 Rf8 38. Kd2 Ke8 39. Qd3 Qh5 40. Qa6 Nd8 41.
Bxd5 cxd5 42. Qb5+ Ke7 43. Qc5+ Ke8 44. Qb5+ Ke7 45. Qxd5 Qh2 46. Qd6+ Ke8 47.
Qg6+ Ke7 48. Qd6+ Ke8 49. Ke1 f3 50. Qg6+ Ke7 51. Qg7+ Ke8 52. d5 Qf4 53. Qg6+
Kd7 54. e6+ Kc8 55. Qd3 Qc1+ 56. Qd1 Qxb2 57. Bd4 f2+ 58. Bxf2 Qc3+ 59. Kf1
Qh3+ 60. Ke1 Qc3+ 61. Kf1 Qh3+ 62. Ke1 1/2-1/2

[Event "FIDE World Youth U16 Chess Olympiad SLOVAKIA 2016"]
[Site "Poprad Tatry SLOVAKIA"]
[Date "2016.07.28"]
[Round "8"]
[Board "2"]
[White "Brnusak, Andrej"]
[Black "Melaugh, Shane"]
[Result "0-1"]
[WhiteElo "1626"]
[BlackElo "1677"]
[PlyCount "106"]
[EventDate "2016.07.22"]
[EventType "team"]
[EventRounds "9"]
[EventCountry "SVK"]
[WhiteTeam "Slovakia LSS A"]
[BlackTeam "Ireland"]

1. e4 c5 2. Nc3 Nc6 3. Bb5 d6 4. Bxc6+ bxc6 5. Nf3 e5 6. O-O g6 7. d3 Bg7 8.
Be3 Ne7 9. Na4 O-O 10. c4 f5 11. Nc3 f4 12. Bd2 h6 13. Qa4 Bg4 14. Ne1 f3 15.
Nxf3 Bxf3 16. gxf3 Rxf3 17. Be3 Qd7 18. Kh1 g5 19. Rg1 Ng6 20. Rg3 Raf8 21.
Rag1 R3f7 22. Nd1 Nf4 23. Qc2 a5 24. Nc3 Kh7 25. b3 Bf6 26. Bxf4 exf4 27. R3g2
Rg7 28. f3 Qh3 29. e5 dxe5 30. Qe2 Qd7 31. Ne4 Qd4 32. Re1 Bd8 33. Nf2 Bc7 34.
Ng4 Re7 35. h3 Rd8 36. Nf2 Rg7 37. Reg1 Qe3 38. Re1 Qxe2 39. Rxe2 Kg6 40. h4
Kf5 41. hxg5 hxg5 42. Rg4 Bb6 43. Kg2 Rh8 44. Ne4 Rd8 45. Nf2 Bc7 46. Kg1 a4
47. bxa4 Ba5 48. Rg2 Bc3 49. Kf1 Rb7 50. Ne4 Rb1+ 51. Re1 Rxe1+ 52. Kf2 Rxe4
53. dxe4+ Kf6 0-1

[Event "FIDE World Youth U16 Chess Olympiad SLOVAKIA 2016"]
[Site "Poprad Tatry SLOVAKIA"]
[Date "2016.07.28"]
[Round "8"]
[Board "4"]
[White "Korenova, Simona"]
[Black "Goss, Alex"]
[Result "0-1"]
[WhiteElo "1638"]
[BlackElo "1618"]
[PlyCount "72"]
[EventDate "2016.07.22"]
[EventType "team"]
[EventRounds "9"]
[EventCountry "SVK"]
[WhiteTeam "Slovakia LSS A"]
[BlackTeam "Ireland"]

1. d4 Nf6 2. Nf3 c5 3. e3 e6 4. Bd3 d5 5. b3 Nc6 6. Bb2 cxd4 7. exd4 Be7 8. O-O
O-O 9. a3 a5 10. Ne5 Qc7 11. f4 Nd7 12. Nd2 Ndxe5 13. fxe5 Qb6 14. Nf3 f6 15.
Re1 fxe5 16. Nxe5 Nxe5 17. Rxe5 Bf6 18. Re3 g6 19. c3 e5 20. Bc2 Bd7 21. Kh1
exd4 22. cxd4 Rae8 23. Rxe8 Rxe8 24. Qf3 Qe6 25. h3 Rf8 26. Qd3 Qc6 27. Rc1 Bg5
28. Re1 Bf5 29. Qg3 Qxc2 30. Qxg5 Qxb2 31. Re7 Be4 32. Rxb7 Qxd4 33. Qe7 Rf1+
34. Kh2 Qg1+ 35. Kg3 Qxg2+ 36. Kh4 Rf4# 0-1

[Event "FIDE World Youth U16 Chess Olympiad SLOVAKIA 2016"]
[Site "Poprad Tatry SLOVAKIA"]
[Date "2016.07.28"]
[Round "8"]
[Board "1"]
[White "Kardis, Benjamin"]
[Black "Ihnat, Marek"]
[Result "1-0"]
[WhiteElo "1720"]
[BlackElo "1827"]
[PlyCount "41"]
[EventDate "2016.07.22"]
[EventType "team"]
[EventRounds "9"]
[EventCountry "SVK"]
[WhiteTeam "Slovakia PSZ"]
[BlackTeam "Slovakia KSZ"]

1. e4 c5 2. Nf3 d6 3. d4 cxd4 4. Qxd4 Nc6 5. Bb5 Bd7 6. Bxc6 Bxc6 7. Nc3 Nf6 8.
Bg5 e6 9. O-O-O Be7 10. h4 h6 11. Be3 b5 12. e5 dxe5 13. Nxe5 Qxd4 14. Bxd4 b4
15. Nxc6 bxc3 16. Bxc3 Ne4 17. Bd4 Bc5 18. Bxc5 Nxc5 19. Rd4 O-O 20. Rhd1 Kh7
21. Rc4 1-0

[Event "FIDE World Youth U16 Chess Olympiad SLOVAKIA 2016"]
[Site "Poprad Tatry SLOVAKIA"]
[Date "2016.07.28"]
[Round "8"]
[Board "2"]
[White "Ondo, Tomas"]
[Black "Panko, Eduard"]
[Result "1/2-1/2"]
[WhiteElo "1795"]
[BlackElo "1712"]
[PlyCount "47"]
[EventDate "2016.07.22"]
[EventType "team"]
[EventRounds "9"]
[EventCountry "SVK"]
[WhiteTeam "Slovakia KSZ"]
[BlackTeam "Slovakia PSZ"]

1. e4 d6 2. c4 Nf6 3. Nc3 g6 4. g3 Bg7 5. Bg2 O-O 6. h3 Nbd7 7. d3 Rb8 8. Be3
b6 9. Nge2 Bb7 10. O-O e5 11. f4 exf4 12. gxf4 a6 13. Rc1 Qe7 14. Qd2 Rfe8 15.
Bf2 Qe6 16. Bh4 Nc5 17. Rce1 Qd7 18. f5 Rf8 19. Ng3 Ba8 20. Kh2 b5 21. b3 b4
22. Nce2 a5 23. Nc1 Rbe8 24. Re2 1/2-1/2

[Event "FIDE World Youth U16 Chess Olympiad SLOVAKIA 2016"]
[Site "Poprad Tatry SLOVAKIA"]
[Date "2016.07.28"]
[Round "8"]
[Board "3"]
[White "Verbovsky, Michal"]
[Black "Petura, Samuel"]
[Result "1-0"]
[WhiteElo "1685"]
[BlackElo "1632"]
[PlyCount "43"]
[EventDate "2016.07.22"]
[EventType "team"]
[EventRounds "9"]
[EventCountry "SVK"]
[WhiteTeam "Slovakia PSZ"]
[BlackTeam "Slovakia KSZ"]

1. e4 e5 2. Nf3 Nc6 3. d4 exd4 4. Bc4 Bc5 5. c3 d3 6. Qxd3 d6 7. b4 Bb6 8. O-O
Nge7 9. Bg5 O-O 10. Nbd2 Bg4 11. h3 Bh5 12. Rae1 h6 13. Bh4 Qc8 14. Bxe7 Nxe7
15. Nd4 Ng6 16. Qg3 Bxd4 17. cxd4 Re8 18. f4 Ne7 19. f5 g6 20. fxg6 Rf8 21.
gxf7+ Kh8 22. Qh4 1-0

[Event "FIDE World Youth U16 Chess Olympiad SLOVAKIA 2016"]
[Site "Poprad Tatry SLOVAKIA"]
[Date "2016.07.28"]
[Round "8"]
[Board "4"]
[White "Simonova, Stela"]
[Black "Liscinska, Lucia"]
[Result "0-1"]
[WhiteElo "1427"]
[BlackElo "1619"]
[PlyCount "100"]
[EventDate "2016.07.22"]
[EventType "team"]
[EventRounds "9"]
[EventCountry "SVK"]
[WhiteTeam "Slovakia KSZ"]
[BlackTeam "Slovakia PSZ"]

1. e4 e5 2. Nf3 Nc6 3. Bc4 Bc5 4. O-O Nf6 5. d3 d6 6. h3 h6 7. c3 Bb6 8. Nbd2
Be6 9. Bb5 a6 10. Ba4 O-O 11. Re1 Nh7 12. Nf1 f5 13. exf5 Bxf5 14. Ng3 Bg6 15.
Bb3+ Kh8 16. Be3 Bxe3 17. Rxe3 Bf7 18. Bxf7 Rxf7 19. Qe2 Ng5 20. Rd1 Nxf3+ 21.
Rxf3 Qe7 22. Rxf7 Qxf7 23. Rd2 Qxa2 24. Ne4 Qf7 25. b4 Ne7 26. d4 exd4 27. Rxd4
Nc6 28. Rd1 Re8 29. Qg4 Ne5 30. Qe2 Nc6 31. Qg4 Qe6 32. Qxe6 Rxe6 33. f3 Ne5
34. Kf2 Kg8 35. Ra1 Nc4 36. Kg3 Kf7 37. Rd1 a5 38. bxa5 Nxa5 39. Ra1 b6 40. Kf4
Re5 41. Ra3 Ke6 42. g4 g5+ 43. Kg3 d5 44. Nf2 Re3 45. Nd1 Rd3 46. Ra1 Nb3 47.
Ra3 Rxd1 48. Rxb3 Rd3 49. Kf2 d4 50. Ke2 Rxc3 0-1

[Event "FIDE World Youth U16 Chess Olympiad SLOVAKIA 2016"]
[Site "Poprad Tatry SLOVAKIA"]
[Date "2016.07.28"]
[Round "8"]
[Board "1"]
[White "Sankova, Stella"]
[Black "Michaelides, Konstantinos"]
[Result "0-1"]
[WhiteElo "1911"]
[BlackElo "2154"]
[PlyCount "60"]
[EventDate "2016.07.22"]
[EventType "team"]
[EventRounds "9"]
[EventCountry "SVK"]
[WhiteTeam "Slovakia RSA BB Detva"]
[BlackTeam "Cyprus"]

1. Nf3 Nf6 2. d4 e6 3. c4 Bb4+ 4. Bd2 Qe7 5. a3 Bxd2+ 6. Nbxd2 d6 7. e4 e5 8.
d5 O-O 9. Bd3 a5 10. O-O Nh5 11. Re1 g6 12. Nb1 Nd7 13. Bc2 f5 14. Nc3 Ndf6 15.
Nd2 Kh8 16. b4 Nf4 17. Nf1 fxe4 18. Nxe4 Nxe4 19. Bxe4 Qg5 20. Ng3 h5 21. Bf3
Bf5 22. Ne4 Bxe4 23. Rxe4 axb4 24. a4 Qf5 25. Re3 g5 26. Bxh5 Nxg2 27. Rf3 Nf4
28. Qb1 e4 29. Qb2+ Kh7 30. Rxf4 gxf4 0-1

[Event "FIDE World Youth U16 Chess Olympiad SLOVAKIA 2016"]
[Site "Poprad Tatry SLOVAKIA"]
[Date "2016.07.28"]
[Round "8"]
[Board "2"]
[White "Hadjinicolaou, Andreas"]
[Black "Cibikova, Sofia Anna"]
[Result "1-0"]
[WhiteElo "1618"]
[BlackElo "1682"]
[PlyCount "61"]
[EventDate "2016.07.22"]
[EventType "team"]
[EventRounds "9"]
[EventCountry "SVK"]
[WhiteTeam "Cyprus"]
[BlackTeam "Slovakia RSA BB Detva"]

1. d4 Nf6 2. Nf3 e6 3. e3 d5 4. Bd3 c5 5. b3 Nc6 6. Bb2 Bd6 7. O-O O-O 8. Nbd2
Bd7 9. a3 Rc8 10. Rc1 a6 11. c4 cxd4 12. exd4 Qe7 13. c5 Bb8 14. b4 Rfe8 15.
Ne5 Qd8 16. f4 Re7 17. Qf3 Be8 18. Qh3 h6 19. Rce1 Nd7 20. g4 Ndxe5 21. fxe5
Rd7 22. Nf3 Qe7 23. g5 Qf8 24. Re2 h5 25. Qxh5 g6 26. Qh3 Ne7 27. Nh4 Nf5 28.
Nxf5 exf5 29. Rxf5 Rdd8 30. Rf6 Bd7 31. e6 1-0

[Event "FIDE World Youth U16 Chess Olympiad SLOVAKIA 2016"]
[Site "Poprad Tatry SLOVAKIA"]
[Date "2016.07.28"]
[Round "8"]
[Board "3"]
[White "Cabanova, Kristina"]
[Black "Theocharous, Mikis"]
[Result "1-0"]
[WhiteElo "1609"]
[BlackElo "1604"]
[PlyCount "97"]
[EventDate "2016.07.22"]
[EventType "team"]
[EventRounds "9"]
[EventCountry "SVK"]
[WhiteTeam "Slovakia RSA BB Detva"]
[BlackTeam "Cyprus"]

1. Nf3 d5 2. d4 Nf6 3. Bf4 e6 4. e3 Nc6 5. c4 Bd6 6. Bxd6 cxd6 7. a3 dxc4 8.
Bxc4 d5 9. Bd3 O-O 10. O-O b6 11. Nc3 Bb7 12. Rc1 Rc8 13. b4 Rc7 14. Qa4 Qa8
15. Nb5 Rd7 16. Nc3 a6 17. Rc2 b5 18. Qb3 Rc7 19. Rfc1 Ne7 20. Ne2 Rxc2 21.
Rxc2 Rc8 22. Ne5 Ng6 23. Nxg6 hxg6 24. f3 Rxc2 25. Qxc2 Qc8 26. Qc5 Qc6 27. Nc1
Nd7 28. Qxc6 Bxc6 29. Nb3 Kf8 30. Na5 Ba8 31. Kf1 Nb6 32. Nb3 Nd7 33. Ke2 Ke7
34. Nc5 Nxc5 35. dxc5 e5 36. g4 Ke6 37. Bc2 Bc6 38. Bb3 Kf6 39. h4 d4 40. exd4
exd4 41. f4 Bg2 42. Kd3 Bh3 43. Bd1 Ke6 44. Kxd4 f6 45. Bf3 Bf1 46. Bd5+ Ke7
47. Bb7 Be2 48. Bxa6 Bxg4 49. Bxb5 1-0

[Event "FIDE World Youth U16 Chess Olympiad SLOVAKIA 2016"]
[Site "Poprad Tatry SLOVAKIA"]
[Date "2016.07.28"]
[Round "8"]
[Board "4"]
[White "Charalambous, Charalambos"]
[Black "Bobrova, Katarina"]
[Result "1-0"]
[WhiteElo "1593"]
[BlackElo "1370"]
[PlyCount "81"]
[EventDate "2016.07.22"]
[EventType "team"]
[EventRounds "9"]
[EventCountry "SVK"]
[WhiteTeam "Cyprus"]
[BlackTeam "Slovakia RSA BB Detva"]

1. e4 d6 2. d4 Nf6 3. Nc3 g6 4. Nf3 Bg7 5. Be2 O-O 6. O-O Bg4 7. Be3 Re8 8. h3
Bxf3 9. Bxf3 e5 10. dxe5 dxe5 11. Qxd8 Rxd8 12. Rfd1 Nc6 13. a3 Na5 14. Be2
Rac8 15. f3 a6 16. Bg5 Nc6 17. Nd5 Rd6 18. Nxf6+ Bxf6 19. Rxd6 cxd6 20. Bxf6
Nd4 21. Bd3 h6 22. c3 Nc6 23. Bh4 g5 24. Bf2 Rd8 25. Rd1 b5 26. b4 Rc8 27. c4
bxc4 28. Bxc4 Nb8 29. Bd5 Nd7 30. Bb7 Rc3 31. Rxd6 Nf8 32. Rxa6 Kg7 33. Bd5 Ng6
34. Ra7 Nh8 35. Bg3 Rc1+ 36. Kh2 Rc8 37. Bxe5+ Kg6 38. Bxh8 Rxh8 39. Ra8 Rh7
40. b5 f6 41. Rg8+ 1-0

[Event "FIDE World Youth U16 Chess Olympiad SLOVAKIA 2016"]
[Site "Poprad Tatry SLOVAKIA"]
[Date "2016.07.29"]
[Round "9"]
[Board "1"]
[White "Maghsoodloo, Parham"]
[Black "Costachi, Mihnea"]
[Result "1/2-1/2"]
[WhiteElo "2501"]
[BlackElo "2420"]
[PlyCount "136"]
[EventDate "2016.07.22"]
[EventType "team"]
[EventRounds "9"]
[EventCountry "SVK"]
[WhiteTeam "Iran"]
[BlackTeam "Romania"]

1. Nf3 Nf6 2. g3 d5 3. Bg2 Nc6 4. O-O e5 5. d3 Be7 6. c4 O-O 7. cxd5 Nxd5 8.
Nc3 Be6 9. Bd2 Qd7 10. Rc1 Nxc3 11. Bxc3 f6 12. a3 Nd4 13. Nd2 c5 14. a4 Rab8
15. Nc4 b6 16. e3 Nf5 17. Qc2 Nd6 18. Rfd1 Qc7 19. Be1 Rfd8 20. Na3 Nf5 21. b4
Qd7 22. b5 Qe8 23. Nc4 Nd6 24. Bc6 Qg6 25. Qe2 e4 26. Nxd6 exd3 27. Rxd3 Rxd6
28. Rxd6 Bxd6 29. a5 Qg4 30. Qxg4 Bxg4 31. axb6 axb6 32. f4 Bc8 33. Bd5+ Kf8
34. Ra1 Bb7 35. Bxb7 Rxb7 36. Kf2 c4 37. Ra4 Rc7 38. Bc3 Rc5 39. Bb4 Rd5 40.
Bxd6+ Rxd6 41. Rxc4 Rd2+ 42. Kf3 Rb2 43. g4 Rxb5 44. Rc8+ Kf7 45. Rc7+ Kf8 46.
Rb7 h5 47. h4 hxg4+ 48. Kxg4 Kg8 49. e4 Kh7 50. h5 Kh6 51. Rb8 Kh7 52. Re8 Rb1
53. Kf5 Rh1 54. e5 fxe5 55. fxe5 Rxh5+ 56. Ke6 Kg6 57. Rb8 Kg5 58. Kf7 Kf4 59.
e6 Re5 60. Rxb6 g5 61. Rb4+ Kf3 62. Kf6 Rxe6+ 63. Kxe6 g4 64. Kf5 g3 65. Rb3+
Kf2 66. Kf4 g2 67. Rb2+ Kg1 68. Rxg2+ Kxg2 1/2-1/2

[Event "FIDE World Youth U16 Chess Olympiad SLOVAKIA 2016"]
[Site "Poprad Tatry SLOVAKIA"]
[Date "2016.07.29"]
[Round "9"]
[Board "2"]
[White "Gavrilescu, David"]
[Black "Firouzja, Alireza"]
[Result "0-1"]
[WhiteElo "2274"]
[BlackElo "2481"]
[PlyCount "98"]
[EventDate "2016.07.22"]
[EventType "team"]
[EventRounds "9"]
[EventCountry "SVK"]
[WhiteTeam "Romania"]
[BlackTeam "Iran"]

1. e4 c5 2. b3 g6 3. Bb2 Nf6 4. g3 Bg7 5. Bg2 O-O 6. Ne2 Nc6 7. O-O d6 8. d4
cxd4 9. Nxd4 Bg4 10. Qd2 Qb6 11. Nxc6 bxc6 12. c4 Rfd8 13. Nc3 e5 14. h3 Be6
15. Rfd1 h5 16. Ba3 Qa6 17. Qc1 Ne8 18. Rd3 Kh7 19. Bb2 Rac8 20. Qd2 f5 21.
exf5 gxf5 22. Rd1 Qb7 23. Nb5 Bf6 24. Qe2 Qe7 25. Qxh5+ Kg7 26. Nc3 e4 27. R3d2
d5 28. cxd5 cxd5 29. Ne2 Bxb2 30. Rxb2 Qf6 31. Rbd2 Bf7 32. Nf4 d4 33. Qe2 Qe5
34. Qa6 Rc7 35. h4 Nf6 36. Re1 Qc5 37. Bh3 Rd6 38. Qe2 Nd7 39. Nh5+ Kh6 40. Nf4
Ne5 41. Bg2 d3 42. Qd1 Rdc6 43. Qa1 Qc3 44. Qxc3 Rxc3 45. Kf1 Rc2 46. Rxc2 Rxc2
47. f3 d2 48. Rd1 exf3 49. Bh3 Rc1 0-1

[Event "FIDE World Youth U16 Chess Olympiad SLOVAKIA 2016"]
[Site "Poprad Tatry SLOVAKIA"]
[Date "2016.07.29"]
[Round "9"]
[Board "3"]
[White "Tahbaz, Arash"]
[Black "Banzea, Alexandru-Bogdan"]
[Result "1-0"]
[WhiteElo "2406"]
[BlackElo "2263"]
[PlyCount "209"]
[EventDate "2016.07.22"]
[EventType "team"]
[EventRounds "9"]
[EventCountry "SVK"]
[WhiteTeam "Iran"]
[BlackTeam "Romania"]

1. c4 Nf6 2. Nc3 g6 3. e4 d6 4. d4 Bg7 5. Be2 O-O 6. Be3 c5 7. e5 Ne8 8. dxc5
Bxe5 9. cxd6 Bxc3+ 10. bxc3 Nxd6 11. Nf3 Qa5 12. O-O Nf5 13. Bd2 e5 14. Ng5 Na6
15. Ne4 Nc5 16. Nf6+ Kg7 17. Ng4 Ne4 18. Bf3 Nxd2 19. Qxd2 Be6 20. Rfe1 f6 21.
Rab1 Rad8 22. Rxb7+ Rf7 23. Rxf7+ Bxf7 24. Qc1 h5 25. Ne3 Nxe3 26. Qxe3 Bxc4
27. Rb1 Qxa2 28. Rb7+ Bf7 29. h4 a5 30. Qc5 Qe6 31. c4 Rd7 32. Bd5 Rxb7 33.
Bxe6 Bxe6 34. Qc6 Re7 35. c5 Kf7 36. Qa8 Rc7 37. Qxa5 Rc6 38. Qa8 Bd7 39. Qd8
Be6 40. Qb8 Bd7 41. Kh2 Ke7 42. Qg8 Bf5 43. Qd5 Bd7 44. f3 Re6 45. Kg1 e4 46.
fxe4 Bc6 47. Qa2 Bxe4 48. Qa7+ Kf8 49. Qb8+ Kf7 50. Qc7+ Re7 51. Qd6 Re6 52.
Qd7+ Re7 53. Qd8 Re6 54. Kf2 f5 55. Kg3 Rc6 56. Qd7+ Kf6 57. Qd4+ Kf7 58. Qd2
Kf6 59. Kf4 Re6 60. Qd8+ Kf7 61. g3 Bc6 62. Kg5 Be4 63. Qd7+ Re7 64. Qd4 Re6
65. Kh6 Rc6 66. Qd7+ Kf8 67. Qd4 Kf7 68. Qg7+ Ke8 69. Qd4 Kf7 70. Kg5 Ke7 71.
Kf4 Kf7 72. Qd7+ Kf6 73. Ke3 Ke5 74. Qg7+ Kd5 75. Qd4+ Ke6 76. Kd2 Kf7 77. Kc3
Re6 78. Qd7+ Re7 79. Qd8 Re6 80. Kd4 Bh1 81. Qh8 Re4+ 82. Kd3 Re6 83. Qh7+ Kf6
84. Qh6 Kf7 85. Kd4 Re4+ 86. Kd3 Re6 87. Qh8 Bg2 88. Qc8 Bc6 89. Qc7+ Kf6 90.
Qa7 Bf3 91. Kc4 Bc6 92. Qa5 Re4+ 93. Kd3 Re6 94. Qd8+ Kf7 95. Kc4 Re4+ 96. Kb3
Re6 97. Kb4 Bh1 98. Kb5 Be4 99. Kc4 Bc6 100. Qc7+ Kf6 101. Kd4 Re4+ 102. Kd3
Re6 103. Qc8 Be4+ 104. Kd4 Bc6 105. Qf8# 1-0

[Event "FIDE World Youth U16 Chess Olympiad SLOVAKIA 2016"]
[Site "Poprad Tatry SLOVAKIA"]
[Date "2016.07.29"]
[Round "9"]
[Board "4"]
[White "Ileana, George"]
[Black "Zahedifar, Anahita"]
[Result "1-0"]
[WhiteElo "2117"]
[BlackElo "2095"]
[PlyCount "135"]
[EventDate "2016.07.22"]
[EventType "team"]
[EventRounds "9"]
[EventCountry "SVK"]
[WhiteTeam "Romania"]
[BlackTeam "Iran"]

1. e4 c6 2. d4 d5 3. e5 Bf5 4. c3 e6 5. Be3 Qb6 6. Qb3 Nd7 7. Nd2 f6 8. Ngf3
Ne7 9. h3 h5 10. Be2 Qc7 11. exf6 gxf6 12. Nh4 O-O-O 13. O-O-O Kb8 14. g4 hxg4
15. hxg4 Bh7 16. Ng2 Ng6 17. Bd3 Bd6 18. Rxh7 Rxh7 19. Bxg6 Rg7 20. Bd3 Rxg4
21. Bf1 f5 22. f3 Rg7 23. Ne1 f4 24. Bf2 Rh8 25. Nd3 Rh2 26. c4 Ka8 27. Nb1 Nf6
28. Nc3 Nh5 29. c5 Bf8 30. Qc2 Ng3 31. Ne5 Nh1 32. Rd2 Nxf2 33. Rxf2 Rh1 34.
Ng4 Be7 35. Qe2 Bh4 36. Rh2 Rxh2 37. Qxh2 Rh7 38. Bd3 Rh8 39. Qe2 Qf7 40. Qd2
Qg7 41. Ne2 Bg5 42. Kc2 Rh3 43. Ne5 Rh2 44. b4 Rh4 45. b5 cxb5 46. Bxb5 Bf6 47.
Nd7 Qg6+ 48. Bd3 Qg7 49. Nxf6 Qxf6 50. Qa5 Rh8 51. Qc7 Qd8 52. Qxd8+ Rxd8 53.
Nxf4 Re8 54. Bb5 Re7 55. Ng6 Rg7 56. Ne5 Kb8 57. Bd7 Re7 58. Kd3 Kc7 59. Ke3
Rxd7 60. Nxd7 Kxd7 61. Kf4 b6 62. cxb6 axb6 63. Ke5 b5 64. a3 Ke7 65. f4 Kd7
66. f5 exf5 67. Kxf5 Kc7 68. Ke5 1-0

[Event "FIDE World Youth U16 Chess Olympiad SLOVAKIA 2016"]
[Site "Poprad Tatry SLOVAKIA"]
[Date "2016.07.29"]
[Round "9"]
[Board "1"]
[White "Golubov, Saveliy"]
[Black "Nikitenko, Mihail"]
[Result "1/2-1/2"]
[WhiteElo "2497"]
[BlackElo "2364"]
[PlyCount "66"]
[EventDate "2016.07.22"]
[EventType "team"]
[EventRounds "9"]
[EventCountry "SVK"]
[WhiteTeam "Russia"]
[BlackTeam "Belarus"]

1. d4 d5 2. Nf3 Nf6 3. Bf4 e6 4. e3 Bd6 5. Bg3 Bxg3 6. hxg3 Qe7 7. Nbd2 Nbd7 8.
Ne5 Nxe5 9. dxe5 Nd7 10. Qg4 f5 11. exf6 Nxf6 12. Qh4 Bd7 13. g4 O-O-O 14. g5
Ne4 15. Nxe4 dxe4 16. O-O-O Bc6 17. Bc4 b5 18. Bb3 Kb8 19. Qg3 a5 20. c3 a4 21.
Bc2 Qc5 22. Rd4 e5 23. Rxd8+ Rxd8 24. a3 Qc4 25. Qxe5 Qe2 26. Qc5 Rd2 27. Bd1
Qd3 28. Qd4 Rxf2 29. Rxh7 Rxg2 30. Rxg7 Rg1 31. Rg8+ Kb7 32. Qxd3 exd3 33. Rd8
Be4 1/2-1/2

[Event "FIDE World Youth U16 Chess Olympiad SLOVAKIA 2016"]
[Site "Poprad Tatry SLOVAKIA"]
[Date "2016.07.29"]
[Round "9"]
[Board "2"]
[White "Zarubitski, Viachaslau"]
[Black "Esipenko, Andrey"]
[Result "0-1"]
[WhiteElo "2289"]
[BlackElo "2477"]
[PlyCount "100"]
[EventDate "2016.07.22"]
[EventType "team"]
[EventRounds "9"]
[EventCountry "SVK"]
[WhiteTeam "Belarus"]
[BlackTeam "Russia"]

1. e4 e5 2. Nf3 Nc6 3. Bb5 a6 4. Ba4 Nf6 5. O-O Be7 6. Re1 b5 7. Bb3 d6 8. c3
O-O 9. h3 Bb7 10. d4 Nd7 11. Nbd2 exd4 12. cxd4 Bf6 13. Nf1 Na5 14. Bc2 Re8 15.
Ng3 g6 16. Bf4 c5 17. Bxd6 cxd4 18. Bf4 Qb6 19. e5 Bg7 20. Qxd4 Qxd4 21. Nxd4
Nxe5 22. Bxe5 Bxe5 23. Rad1 Bg7 24. Nb3 Rxe1+ 25. Rxe1 Nxb3 26. Bxb3 Kf8 27.
Rd1 Bc6 28. Rc1 Be8 29. Rc2 Rd8 30. Ne4 a5 31. a3 Rd1+ 32. Kh2 Rb1 33. Nc3 Bxc3
34. Rxc3 Rxb2 35. Kg3 Rd2 36. f3 Rb2 37. Re3 b4 38. axb4 axb4 39. Bc4 Ba4 40.
Re4 Be8 41. Re3 Bd7 42. h4 Bf5 43. Re5 Rc2 44. Bb3 Rc3 45. Ba4 b3 46. Re8+ Kg7
47. Rb8 Be6 48. Rb6 h5 49. Bc6 b2 50. Ba4 Bb3 0-1

[Event "FIDE World Youth U16 Chess Olympiad SLOVAKIA 2016"]
[Site "Poprad Tatry SLOVAKIA"]
[Date "2016.07.29"]
[Round "9"]
[Board "3"]
[White "Sarana, Alexey"]
[Black "Ivannikau, Maksim"]
[Result "1-0"]
[WhiteElo "2422"]
[BlackElo "2168"]
[PlyCount "95"]
[EventDate "2016.07.22"]
[EventType "team"]
[EventRounds "9"]
[EventCountry "SVK"]
[WhiteTeam "Russia"]
[BlackTeam "Belarus"]

1. d4 Nf6 2. Bf4 g6 3. e3 Bg7 4. Nf3 O-O 5. Be2 d6 6. h3 Nbd7 7. O-O e6 8. c4
Qe7 9. Nc3 e5 10. Bg5 c6 11. b4 h6 12. Bh4 g5 13. Bg3 Ne8 14. c5 e4 15. cxd6
Nxd6 16. Bxd6 Qxd6 17. Nxe4 Qxb4 18. Qb3 Qe7 19. Ng3 Nb6 20. Bd3 Be6 21. Qc2
Nd5 22. Nf5 Bxf5 23. Bxf5 Rab8 24. Rac1 Rfe8 25. e4 Nb6 26. e5 Rbd8 27. Rfe1
Nd5 28. h4 Nf4 29. hxg5 hxg5 30. Re4 Bh6 31. g3 Ne6 32. Kg2 Ng7 33. Bh7+ Kf8
34. Rh1 Qe6 35. Nh2 Nf5 36. Nf3 Ng7 37. Qc5+ Re7 38. Qc1 f5 39. Ree1 f4 40.
Rxh6 Qxh6 41. Rh1 Qe6 42. Nxg5 Qg4 43. Rh4 Qxg5 44. Rxf4+ Ke8 45. Rf8+ Kxf8 46.
Qxg5 Rxd4 47. Bg6 Re6 48. Qh6 1-0

[Event "FIDE World Youth U16 Chess Olympiad SLOVAKIA 2016"]
[Site "Poprad Tatry SLOVAKIA"]
[Date "2016.07.29"]
[Round "9"]
[Board "4"]
[White "Badelka, Olga"]
[Black "Obolentseva, Alexandra"]
[Result "1-0"]
[WhiteElo "2175"]
[BlackElo "2336"]
[PlyCount "157"]
[EventDate "2016.07.22"]
[EventType "team"]
[EventRounds "9"]
[EventCountry "SVK"]
[WhiteTeam "Belarus"]
[BlackTeam "Russia"]

1. c4 Nf6 2. g3 g6 3. Bg2 Bg7 4. Nc3 O-O 5. e4 d6 6. Nge2 c5 7. O-O Nc6 8. a3
Ne8 9. b4 cxb4 10. axb4 Nxb4 11. d4 Nc7 12. Ba3 Nc6 13. f4 Bg4 14. Qd3 Ne6 15.
e5 dxe5 16. d5 exf4 17. gxf4 Bxe2 18. Nxe2 Bxa1 19. Rxa1 Ng7 20. Qe4 Nf5 21.
dxc6 bxc6 22. Ng3 Qd2 23. Nxf5 gxf5 24. Qe5 f6 25. Qe6+ Kh8 26. Kh1 Qc3 27. Qe1
Qxc4 28. Bxe7 Rf7 29. Qb4 Qxb4 30. Bxb4 Rb8 31. Bc3 Rb3 32. Rc1 Kg7 33. Bh3 Rb5
34. Bf1 Rb8 35. Bc4 Rfb7 36. Bd3 Kf7 37. Bxf5 Rb5 38. Bc2 a5 39. Kg2 Rd8 40.
Kf3 Rdd5 41. Ba4 Rb8 42. Be1 Rd3+ 43. Ke4 Rbd8 44. Bc3 c5 45. Bb3+ Ke7 46. Kf5
R8d6 47. Bc4 Re3 48. Bxa5 Rh3 49. Re1+ Kf8 50. Bc7 Rd4 51. Be6 Rxh2 52. Kxf6
Rh6+ 53. Ke5 Rd2 54. f5 Rhh2 55. Bd6+ Ke8 56. Bxc5 Rhe2+ 57. Rxe2 Rxe2+ 58. Kf6
Rc2 59. Bb4 Rg2 60. Bb3 Rg4 61. Ba4+ Kd8 62. Be7+ Kc7 63. Be8 Rg2 64. Kf7 h5
65. Kf8 Rf2 66. Bg6 Kd7 67. Bc5 Rc2 68. Bd4 Rc4 69. Be5 h4 70. f6 Ke6 71. Bb2
Rb4 72. Bc3 Rb7 73. f7 h3 74. Kg8 h2 75. f8=Q h1=Q 76. Qf5+ Kd6 77. Qe5+ Kd7
78. Bf5+ Kc6 79. Be4+ 1-0

[Event "FIDE World Youth U16 Chess Olympiad SLOVAKIA 2016"]
[Site "Poprad Tatry SLOVAKIA"]
[Date "2016.07.29"]
[Round "9"]
[Board "1"]
[White "Djordjevic, Vuk"]
[Black "Martirosyan, Haik M."]
[Result "0-1"]
[WhiteElo "2415"]
[BlackElo "2450"]
[PlyCount "108"]
[EventDate "2016.07.22"]
[EventType "team"]
[EventRounds "9"]
[EventCountry "SVK"]
[WhiteTeam "Serbia"]
[BlackTeam "Armenia"]

1. d4 Nf6 2. Bg5 e6 3. e4 h6 4. Bxf6 Qxf6 5. Nf3 d6 6. Nc3 Nd7 7. Qd2 a6 8.
O-O-O Qd8 9. h4 b5 10. g4 c5 11. d5 e5 12. Bh3 g6 13. g5 h5 14. Bxd7+ Bxd7 15.
Ne2 Bg7 16. Rdg1 Qe7 17. Rg3 c4 18. Ne1 a5 19. c3 O-O 20. Nc2 Rfb8 21. Ne3 Qd8
22. Kb1 Rb7 23. Rc1 Qc7 24. Rgg1 Qc5 25. Rc2 Qa7 26. Nc1 Bf8 27. Rf1 Qa6 28.
Qe2 Rc8 29. f4 exf4 30. Rxf4 Bg7 31. Nf5 Bxf5 32. exf5 Be5 33. fxg6 fxg6 34.
Qe4 Kh7 35. Rf3 b4 36. cxb4 axb4 37. b3 cxb3 38. Nxb3 Rc3 39. Rcf2 Qa7 40. Qe2
Rbc7 41. Rxc3 bxc3 42. Qf3 Qa4 43. Qf8 c2+ 44. Rxc2 Rxc2 45. Kxc2 Qxa2+ 46. Kc1
Qb2+ 47. Kd1 Qxb3+ 48. Kc1 Qxd5 49. Qe7+ Bg7 50. Qd8 Qh1+ 51. Kc2 d5 52. Kd2 d4
53. Kc2 Qxh4 54. Kc1 Qxg5+ 0-1